Culture générale III - Statistiques

Statistiques générales
  • Ce quiz a été pris 256 fois
  • Le résultat moyen est 8 sur 15
Statistiques - réponses
Question Réponse % Correct
Quel continent possède le plus de pays ? Asie
96%
Quel femme politique a été a l'initiative de la loi sur l'IVG en France ? Simone Veil
94%
Quel célèbre marque de jean a été créée en 1853 a San Francisco ? Levi's
84%
Combien de pays possèdent l'arme nucléaire ? 9
81%
Comment se nomme le fleuve le plus long du monde ? Nil
81%
Quelle est l'ile la plus grande de la méditerranée ? Sicile
69%
Quel est le club anglais avec le plus de trophées ? Manchester United
67%
Quelle ville est surnommée la ville aux 7 collines construite sur la rive gauche du fleuve Tibre? Rome
58%
Comment se nomme l'arme chimique tristement célèbre pour son utilisation au Vietnam ? Napalm
56%
En quelle année les Etats Unis ont-ils proclamé leur indépendance, fêté le 4 juillet ? 1776
45%
Comment se nomme la mascotte faite de pneus de l'entreprise Michelin ? Bibendum
45%
Dans quel pays y a t-il la biodiversité la plus abondante ? Mexique
21%
Quel pays a pour emblème l'aigle des steppes ? Egypte
7%
Quel élément comporte le plus lourd du tableau de Mendeleïev qui possède le numéro atomique 118 ? Oganesson
7%
Comment se nomme la première console de jeu créée en 1972 ? Odyssey
2%
Aucun quiz correspondant
Distribution des résultats
% des personnes avec chaque résultat
Percentile par nombre de réponses
Votre historique - résultats
Vous n’avez pas pris ce quiz